Když velmoci řeknou ne...
Právo veta pre niektorých brzdou univerzálneho systému kolektívnej bezpečnosti a pre iných záruka mieru medzi veľmocmi. Podstata práva veta. Používanie práva veta v Bezpečnostnej rade OSN. Hlavné spory a otázky v súvislosti s právom veta.
Na minha lista:
| Autor principal: | |
|---|---|
| Formato: | Capítulo de Livro |
| Idioma: | tcheco |
| Assuntos: | |
| Tags: |
Sem tags, seja o primeiro a adicionar uma tag!
|
MARC
| LEADER | 00000naa$a2200000$$$4500 | ||
|---|---|---|---|
| 001 | 0057085 | ||
| 005 | 20231016092907.8 | ||
| 041 | 0 | |a cze | |
| 044 | |a CZ | ||
| 245 | 1 | 0 | |a Když velmoci řeknou ne... |c Veronika Bílková |
| 520 | |a Právo veta pre niektorých brzdou univerzálneho systému kolektívnej bezpečnosti a pre iných záruka mieru medzi veľmocmi. Podstata práva veta. Používanie práva veta v Bezpečnostnej rade OSN. Hlavné spory a otázky v súvislosti s právom veta. | ||
| 610 | 2 | 0 | |a vzťahy medzinárodné |
| 610 | 2 | 0 | |a politika medzinárodná |
| 610 | 2 | 0 | |a organizácie medzinárodné |
| 610 | 2 | 0 | |a bezpečnosť |
| 610 | 2 | 0 | |a práva ľudské |
| 610 | 2 | 0 | |a rozhodovanie |
| 610 | 2 | 0 | |a právo medzinárodné |
| 100 | 1 | |a Bílková, Veronika | |